Statystyki dla Przystanki Autobusowe Warszawa cz.1 (A-J)

Kliknij tutaj aby rozwiązać quiz!

Ogólne statystyki

  • Ten quiz został rozwiązany 32 razy
  • Średni wynik to 33 z 437

Statystyki odpowiedzi

Odpowiedź% Poprawnych
Centrum
54%
Dw.Centralny
50%
Dw.Gdański
46%
Dw.Wileński
46%
Dw.Zachodni
46%
Gocław
46%
Gocławek
46%
Dw.Wschodni (Kijowska)
42%
al.Zieleniecka
38%
Dw.Wschodni (Lubelska)
38%
Hynka
38%
GUS
33%
al.Lotników
29%
Annopol
29%
Augustów
29%
Buków
29%
Czerniakowska
29%
Grenadierów
29%
Grenady
29%
Afrykańska
25%
al.Wielkopolski
25%
Anielewicza
25%
Banacha
25%
Berezyńska
25%
Bielańska
25%
Bitwy Warszawskiej 1920 r.
25%
Bródnowska
25%
CH Blue City
25%
Dickensa
25%
Hala Kopińska
25%
Abrahama
21%
al.Jana Pawła II
21%
Arbuzowa
21%
Baseny Inflancka
21%
Berestecka
21%
Biblioteka Narodowa
21%
Bliska
21%
Boernerowo
21%
Bródno-Podgrodzie
21%
Chełmska
21%
Chomiczówka
21%
CH Reduta
21%
Ciszewskiego
21%
Cm.Wolski
21%
Czapelska
21%
Czynszowa
21%
Domaniewska
21%
Dworkowa
21%
Dzielna
21%
EC Siekierki
21%
Elekcyjna
21%
Foksal
21%
Fort Wola
21%
Francuska
21%
Gocławek Wschodni
21%
Gwiaździsta
21%
Hala Mirowska
21%
Hoża
21%
Instytut Lotnictwa
21%
Inżynierska
21%
Adamieckiego
17%
Aleksandrów
17%
Aspekt
17%
Augustówka
17%
Baleya
17%
Bełdan
17%
Bielany-Ratusz
17%
Bokserska
17%
Bora-Komorowskiego
17%
Browarna
17%
Bukowińska
17%
CH Promenada
17%
Cm.Żydowski
17%
Czumy
17%
Dolna
17%
Dominikańska
17%
Dywizjonu 303
17%
Dzika
17%
Esperanto
17%
Indiry Gandhi
17%
Jara
17%
11 Listopada
13%
Adampolska
13%
al.Witosa
13%
Andrutowa
13%
Bacha
13%
Banacha-Szpital
13%
Batumi
13%
Beethovena
13%
Białobrzeska
13%
Bursztynowa-Szpital
13%
Chłopickiego
13%
Choszczówka
13%
CH Targówek
13%
CH Ursynów
13%
Cm.Włoski
13%
Conrada
13%
Cytadela
13%
Czarnomorska
13%
Czekoladowa
13%
Deotymy
13%
DS Riviera
13%
Dzieci Warszawy
13%
Elbląska
13%
Fabryczna
13%
Falenica
13%
Głębocka
13%
Gocławska
13%
Grabów
13%
Grójecka
13%
Hale Banacha
13%
Herbsta
13%
Inflancka
13%
Jadźwingów
13%
Jaracza
13%
Jasielska
13%
Julianowska
13%
1.Praskiego Pułku
8%
Akcent
8%
Al. 3 Maja
8%
al.Bohaterów Września
8%
al.Reymonta
8%
Aluzyjna
8%
Ambaras
8%
Ananasowa
8%
Archimedesa
8%
Armatnia
8%
Armii Krajowej
8%
AWF
8%
Bartycka
8%
Belgradzka
8%
Bełzy
8%
Bergamotki
8%
Bogatki
8%
Bohomolca
8%
Brzeziny
8%
Budzińskiej-Tylickiej
8%
Bukowskiego
8%
Buska
8%
Bytnara
8%
Centrum Olimpijskie
8%
Centrum Onkologii
8%
Centrum Zdrowia Dziecka
8%
Chłodna
8%
Chrzanów
8%
Cm.Bródnowski
8%
Cm.Północny-Brama Gł.
8%
Cm.Północny-Brama Zach.
8%
Cm.Wawrzyszewski
8%
Cybernetyki
8%
Cynamonowa
8%
Dąbrówka
8%
Dalibora
8%
Darwina
8%
Długosza
8%
Dobra
8%
Dolina Służewiecka
8%
Dunikowskiego
8%
Dwernickiego
8%
Dw.Gdański (Rydygiera)
8%
EC Żerań
8%
Elsnerów
8%
Emilii Plater
8%
Estrady
8%
Felińskiego
8%
Fieldorfa
8%
Fort Bema
8%
Garwolińska
8%
Golędzinów
8%
Gołkowska
8%
Goraszewska
8%
Gotarda
8%
Grodzisk
8%
Grzymalitów
8%
Grzymały-Sokołowskiego
8%
Hala Wola
8%
Instytut Fizyki
8%
Instytut Kardiologii
8%
IX Poprzeczna
8%
Jórskiego
8%
Juranda ze Spychowa
8%
1 Sierpnia
4%
Alpejska-Instytut
4%
Andersena
4%
Antka Rozpylacza
4%
Ateńska
4%
Barszczewska
4%
Bartłomieja
4%
Bartoszycka
4%
Batalionów Chłopskich
4%
Batalionu Ak "Bałtyk"
4%
Batalionu Platerówek
4%
Batalionu Włochy
4%
Białołęka-Ratusz
4%
Biblioteka Uniwersytecka
4%
Błota
4%
Bogusławskiego
4%
Bohaterewicza
4%
Borowiecka
4%
Braci Wagów
4%
Brazylijska
4%
Bronisława Czecha-Las
4%
Brożka
4%
Brzezińska
4%
Bukowiecka
4%
Celulozy
4%
Cementownia
4%
Ceramiczna
4%
Chełmońskiego
4%
Chodakowska
4%
Chodkiewicza
4%
Ciepłownia Wola
4%
Cm.Północny-Brama Płn.
4%
Cm.Prawosławny
4%
Ćwiklińskiej
4%
Czarnieckiego
4%
Czatów
4%
Czerwona Droga
4%
Czerwonych Beretów
4%
Człuchowska
4%
Dąbrówka Szlachecka
4%
Dąbrówka Wiślana
4%
Dawidy
4%
DKS Targówek
4%
Dobosza
4%
Dojazdowa
4%
Domaniewska Office Park
4%
Drohicka
4%
Dyrekcja FSO
4%
Dzierzgońska
4%
Dzierżoniowska
4%
Ekspresowa
4%
Faradaya
4%
Flamenco
4%
Fort Blizne
4%
Fort Radiowo
4%
Fort Wawrzyszew
4%
Galla Anonima
4%
Gizów
4%
Główna
4%
Grabalówki
4%
Grodzisk-Kościół
4%
Hala Sportowa Bemowo
4%
Harfowa
4%
Harnasie
4%
Hassa
4%
Henryków
4%
Hortensji
4%
Hotel Bristol
4%
Hutnicza
4%
Inowłodzka
4%
Instalatorów
4%
Jagiellońska
4%
Jagielska
4%
Jesiennych Liści
4%
Jeziorko Czerniakowskie
4%
Joliot-Curie
4%
Anny German
0%
Anny Jagiellonki
0%
Antoniewska
0%
Areszt Śledczy Białołęka
0%
Areszt Śledczy Grochów
0%
Areszt Śledczy Służewiec
0%
Arkadyjska
0%
Aroniowa
0%
Astronautów
0%
Atrakcyjna
0%
Augustówek
0%
Balkonowa
0%
Barei
0%
Bartnicza
0%
Bartyki
0%
Batalionu Miotła
0%
Bazyliańska
0%
Bellottiego
0%
Bennetta
0%
Berensona
0%
Berensona-Kanał
0%
Betoniarnia
0%
Białołęka Dworska
0%
Białołęka-Kanał
0%
Biegunowa
0%
Bielszowicka
0%
Bieżuńska
0%
Blokowa
0%
Bobrowiecka
0%
Bodycha
0%
Bohuna
0%
Bohuszewiczówny
0%
Boleść
0%
Bolesława Krzywoustego
0%
Bolesława Śmiałego
0%
Borków
0%
Braci Zawadzkich
0%
Branickiego
0%
Brata Alberta
0%
Bronowska
0%
Bruszewska
0%
Brylowska
0%
Buchalteryjna
0%
Budexpo
0%
Budowlana
0%
Bukowska
0%
Buławy
0%
Bysławska
0%
Bystra
0%
Bystrzycka
0%
Chabrowa
0%
Chęcińska
0%
Chemiczna
0%
Chłodnia
0%
Chlubna
0%
Chodecka
0%
Chudoby
0%
Ciepłownia Kawęczyn
0%
Ciołkosza
0%
Ćmielowska
0%
Cm.Ofiar Wojny
0%
Cm.Północny-Brama Płd.
0%
Codzienna
0%
Conrada-Szkoła
0%
Coopera
0%
Coopera-Przychodnia
0%
Cukrownicza
0%
Cygańska
0%
Cyklamenów
0%
Cylichowska
0%
Czarnuszki
0%
Czekanowska
0%
Czeremchowa
0%
Czerwińska
0%
Czołgistów
0%
Czorsztyńska
0%
Czwartaków
0%
Daniszewska
0%
Dankowicka
0%
Danusi
0%
Dębowa
0%
Diamentowa
0%
Długorzeczna
0%
Dobka z Oleśnicy
0%
Do Fortu
0%
Dom Samotnej Matki,
0%
Dorodna
0%
Dostawcza
0%
Draceny
0%
Drobiarska
0%
Drogowa
0%
Drohobycka
0%
Drzewieckiego
0%
Drzeworytników
0%
Działkowa
0%
Działyńczyków
0%
Dzięcioła
0%
Dzielnicowa
0%
Dziewanowska
0%
Echa Leśne
0%
Edisona
0%
Emilii Gierczak
0%
Energetyczna
0%
Erazma z Zakroczymia
0%
Eskulapów
0%
Etiudy Rewolucyjnej
0%
Europejska
0%
Fabryka Pomp
0%
Farbiarska
0%
Figowa
0%
Fletniowa
0%
Floriana
0%
Frachtowa
0%
Franciszkańska
0%
Gąsek
0%
Gąsocińska
0%
Gawronia
0%
Gdecka
0%
gen.Maczka
0%
gen.Zajączka
0%
Geodezyjna
0%
Gierdziejewskiego
0%
Gilarska
0%
Glebowa
0%
Głowackiego
0%
Gniewkowska
0%
Goleszowska
0%
Gontarska
0%
Góralska
0%
Górnośląska
0%
Gorzykowska
0%
Gościeradowska
0%
Grawerska
0%
Grodkowska
0%
Groszówka
0%
Groty
0%
Gruntowa
0%
Grupy Ak "Północ"
0%
Gruszy
0%
Gryfitów
0%
Grzegorzewskiej
0%
Grzybowa
0%
Gwarków
0%
Habicha
0%
Handlowa
0%
Hanki Ordonówny
0%
Henryka Brodatego
0%
Henryka Probusa
0%
Hetmańska
0%
Hipodrom
0%
Hłaski
0%
Hołubcowa
0%
Horbaczewskiego
0%
Hoserów
0%
Hospicjum Onkologiczne
0%
Hubala-Dobrzańskiego
0%
Instalatorów-KAM
0%
Instruktorska
0%
Instytut Energetyki
0%
Instytut Hematologii
0%
Instytut Neurologii
0%
Instytut Reumatologii
0%
Insurekcji
0%
Internetowa
0%
Iskry
0%
Iwicka
0%
Izbicka-Cmentarz
0%
Jachowicza
0%
Jachtowa
0%
Jadwisin
0%
Jana Kazimierza
0%
Jarzębinowa
0%
Jerzego
0%
Jesiotrowa
0%
Jeziorki Płn.
0%
Jeziorowa
0%
Jontka
0%
Juhasów
0%
Jurajska
0%
Juranda ze Spychowa-szkoła
0%

Rozkład punktacji

Percentyl według liczby udzielonych odpowiedzi

Procent ludzi z każdym wynikiem

Twoja historia wyników

Nie rozwiązałeś tego quizu